Harry Potter Maze: Order of the Phoenix Quiz Stats

 Plays Quiz not verified by Sporcle

Score 0/18 Timer 10:00
10 Plays Today
% Correct
???
100%
???
96.8%
???
95.1%
???
79.5%
???
74.8%
???
74.2%
???
69.9%
???
66.8%
???
64.1%
% Correct
???
63%
???
60.4%
???
59.9%
???
41.6%
???
41.6%
???
34.7%
???
34.6%
???
33.6%
???
33.4%

You're not logged in!

Compare scores with friends on all Sporcle quizzes.
OR
Log In

Show Comments

Extras

Top Quizzes Today


Score Distribution

Your Account Isn't Verified!

In order to create a playlist on Sporcle, you need to verify the email address you used during registration. Go to your Sporcle Settings to finish the process.

Report this User

Report this user for behavior that violates our Community Guidelines.

Details: